Obálka Náhled e-knihy:
PDF Epub
Pro půjčování e-knih musíte být přihlášeni.
Jak si půjčit online?

Zrcadlo /

Bastian je na škole obětí šikany. Naštěstí má úžasného přítele, který mu se vším pomáhá. Jeho jedinou vadou je to, že jej Bastian nikdy neviděl. Znají se totiž jen díky internetu. Jak dopadne jejich setkání? A je Slon opravdu tím, za koho se vydává?

Uloženo v:
Hlavní autor: Strong, Lydia (Autor)
Médium: E-kniha
Jazyk:Czech
Vydáno: Praha : E-knihy jedou, 2022
Tagy:
Žádné tagy
LEADER 01210nam a22002297i 4500
001 311492
007 ta
008 260601s2022 xr ||||| |||| 00| 0 cze d
020 |a 9990003448651 
044 |a xr 
100 1 |a  Strong, Lydia  |4 aut 
245 1 0 |a Zrcadlo /  |c  Strong, Lydia 
264 1 |a Praha :  |b E-knihy jedou,  |c 2022 
300 |a 1 online zdroj (261 stran) 
336 |a text  |b txt  |2 rdacontent 
337 |a bez média  |b n  |2 rdamedia 
338 |a online zdroj  |b cr  |2 rdacarrier 
520 2 |a Bastian je na škole obětí šikany. Naštěstí má úžasného přítele, který mu se vším pomáhá. Jeho jedinou vadou je to, že jej Bastian nikdy neviděl. Znají se totiž jen díky internetu. Jak dopadne jejich setkání? A je Slon opravdu tím, za koho se vydává? 
910 |a RBIT002 
998 |d 344865  |a https://core.palmknihy.cz/api/books/344865/cover?r6bwcq  |b https://core.palmknihy.cz/api/books/344865/cover/400?r6bwcq  |c https://core.palmknihy.cz/api/books/344865/cover/50?r6bwcq  |e   |g 261  |i 9990003448651  |j https://core.palmknihy.cz/api/books/344865/preview.epub  |k https://core.palmknihy.cz/api/books/344865/preview.pdf  |l   |q 49  |r 1  |s https://www.palmknihy.cz/kniha/344865  |t ebook  |y 2022  |z 1 
999 |d 311490